[Event "CRO-chT3 West"]
[Site "Croatia"]
[Date "2020.10.25"]
[Round "8.6"]
[White "Jaksetic, Emil"]
[Black "Podobnik, Eugen"]
[Result "0-1"]
[WhiteElo "1659"]
[BlackElo "1593"]
[PlyCount "56"]
[EventDate "2020.09.12"]
[EventType "team-tourn"]
[EventRounds "9"]
[EventCountry "CRO"]
[SourceTitle "EXT 2022"]
[Source "ChessBase"]
[SourceDate "2021.10.06"]
[SourceVersion "1"]
[SourceVersionDate "2021.10.06"]
[SourceQuality "1"]
[WhiteTeam "Novi V Zrinski Frankopan"]
[BlackTeam "Kastav"]
[WhiteTeamCountry "CRO"]
[BlackTeamCountry "CRO"]

1. e4 e5 2. Nf3 Nc6 3. d4 exd4 4. Nxd4 Bc5 5. Be3 Qf6 6. c3 Nge7 7. Be2 0-0 8. 0-0 d5 9. Nxc6 Qxc6 10. Bxc5 Qxc5 11. Bf3 Be6 12. Re1 Rad8 13. Qc2 d4 14. Rd1 Ng6 15. Qa4 d3 16. Nd2 Nf4 17. Nb3 Qg5 18. g3 Nh3+ 19. Kf1 Qf6 20. Kg2 Ng5 21. Nd2 Bh3+ 22. Kg1 Nxf3+ 23. Kh1 Nxd2 24. f4 Nf3 25. Qb5 Qc6 26. Qh5 Nh4 27. Re1 Bg2+ 28. Kg1 Qb6+ 0-1